书目信息 |
| 题名: |
二十世纪外国美学文艺学名著精义
|
|
| 作者: | 赵宪章 编 | |
| 分册: | ||
| 出版信息: | 南京 江苏文艺出版社 1987 |
|
| 页数: | 945页 | |
| 开本: | 20cm | |
| 丛书名: | ||
| 单 册: | ||
| 中图分类: | I01 , B83 , B83 | |
| 科图分类: | ||
| 主题词: | 美学--外国 , 美学 | |
| 电子资源: | ||
| ISBN: | 7-5399-0029-6 | |
| 000 | 00684nam0 2200253 45 | |
| 001 | 1233374156 | |
| 005 | 20090928092219.20 | |
| 010 | @a7-5399-0029-6@b精装@dCNY8.45 | |
| 100 | @a19900830d1987 emky0chiy0121 ea | |
| 101 | 0 | @achi |
| 102 | @aCN@b320000 | |
| 105 | @ay z 000yy | |
| 200 | 10 | @a二十世纪外国美学文艺学名著精义@Aer shi shi ji wai guo mei xue wen yi xue ming zhu jing yi@f赵宪章编 |
| 210 | @a南京@c江苏文艺出版社@d1987 | |
| 215 | @a945页@d20cm | |
| 606 | 0 | @a美学@y外国 |
| 606 | 0 | @a美学 |
| 690 | @aI01@v3 | |
| 690 | @aB83@v3 | |
| 690 | @aB83@v4 | |
| 701 | 0 | @a赵宪章@Azhao xian zhang@4编 |
| 801 | 0 | @aCN@bTSSF |
| 801 | 2 | @aCN@bNLC |
| 905 | @a10447@dB83@eJY65 | |
| 二十世纪外国美学文艺学名著精义/赵宪章编.-南京:江苏文艺出版社,1987 |
| 945页;20cm |
| ISBN 7-5399-0029-6(精装):CNY8.45 |
| ● |
| 相关链接 |
|
|
|
|
正题名:二十世纪外国美学文艺学名著精义
索取号:B83/JY65
 
预约/预借
| 序号 | 登录号 | 条形码 | 馆藏地/架位号 | 状态 | 备注 |
| 1 | 7830070 | 278300704 | 学院路分馆/ [索取号:B83/JY65] | 在馆 |